| 000 | 01291naa a22002897a 4500 | ||
|---|---|---|---|
| 001 | BR8302159 | ||
| 003 | BR-BrBNA | ||
| 005 | 20250721143226.0 | ||
| 007 | ta | ||
| 008 | 250630b bl.|||m| |||| 00| 0 por d | ||
| 040 |
_aBR-BrBNA _bpor _cBiblioteca Nacional de Agricultura |
||
| 041 | _a(Pt) | ||
| 072 |
_aE15; F00; L00 _b/G514 |
||
| 090 | _aE15 BR8302159 | ||
| 100 | 1 | _aHomma, A.K.O. | |
| 111 | 1 |
_aSimposio sobre Sistemas de Producao em Consorcio para Exploracao Permanente dos Solos da Amazonia _cBelem, PA (Brazil) _d19 Nov 1980 |
|
| 245 | 1 | _aConsideracoes economicas e sociais de sistemas de producao na regiao amazonica [Brasil] | |
| 500 | _aAnais do Simposio sobre Sistemas de Producao em Consorcio para Exploracao Permanente dos Solos da Amazonia Belem, PA (Brasil): 1982. p. 273-290 (BR8302159-AMS) | ||
| 773 | 0 |
_tAnais do Simposio sobre Sistemas de Producao em Consorcio para Exploracao Permanente dos Solos da Amazonia _wE15 BR8302159 _gBelem, PA (Brasil), 1982. p. 273-290 |
|
| 650 | _aSISTEMA DE PRODUCAO | ||
| 650 | _aPRODUCAO VEGETAL | ||
| 650 | _aPRODUCAO ANIMAL | ||
| 650 | _aAMAZONIA | ||
| 490 |
_aDocumentos - Centro de Pesquisa Agropecuaria do Tropico Umido (Brazil) _vno. 7 _xISSN 0101-2835 |
||
| 942 |
_cAMS _2AGRIS |
||
| 909 |
_a202506 _bLúcia _c55 _dLúcia Elande |
||
| 999 |
_c334512 _d334512 |
||